00415nam a2200145Ia 4500008004100000020001500041041001200056082002100068100002800089245005600117250001200173260002700185300001200212650004500224231217s9999 xx 000 0 und d a8131401839 aEnglish a338.9 ALA2;1 R aAlagiri, Dhandapani ed. 0aFinancial growth in India and China : a comparative a1st ed. c2006bIcfaiaHyderabad axv, 226 aFinancial,growth,India,China,comparative